Score 0/12 Timer 02:00
0 Plays Today
Hint Answer % Correct
• Jedi Master _____ Skywalker •• LUKE •
99.6%
Species of Daffy and DonaldDUCK
98.1%
Group of wolvesPACK
97.8%
Slam in basketballDUNK
97.7%
Hockey game necessityPUCK
97.6%
Sickly looking; without colorPALE
95.3%
School of the Blue DevilsDUKE
94.8%
Continuous speed for runningPACE
94.7%
Sand formation; Frank Herbert sci-fi seriesDUNE
94.4%
Bitter variety of cabbageKALE
92.2%
First name of Jewish 'South Park' characterKYLE
82.6%
• Villain of the new trilogy, _____ Ren •• KYLO •
76.7%

Today's Daily Dose

Remove Ads.
Support Sporcle.
Get the best of Sporcle when you Go Orange. This ad-free experience offers more features, more stats, and more fun while also helping to support Sporcle. Thank you for becoming a member.

You're not logged in!

Compare scores with friends on all Sporcle quizzes.
OR
Log In

Show Comments

Extras

Top Quizzes Today


Score Distribution

Your Account Isn't Verified!

In order to create a playlist on Sporcle, you need to verify the email address you used during registration. Go to your Sporcle Settings to finish the process.

Report this User

Report this user for behavior that violates our Community Guidelines.

Details: